000 00382nam a22001577a 4500
003 SGT
020 _a9789390595761
082 _a616.07
_bC24M
100 _aMAHESHWARI, NANDA
245 _aCLINICAL PATHOLOGY HEMATOLOGY & BLOOD BANKING FOR DMLT STUDENTS
250 _a4TH
260 _aINDIA
_bJAYPEE PUB
_c2024
300 _a352
650 _aBLOOD BANKING
942 _2ddc
_cBK
999 _c28621
_d28621